000
00365nam a22001577a 4500
003
MPLRDC
005
20220104124426.0
008
210129b ||||| |||| 00| 0 eng d
082
_a
859.6 LSL v.4
100
_a
林树岭编著
245
_a
三张灵符
_c
260
_a
_b
人民企业有限公司
_c
300
_b
平
650
_a
942
_c
BK
_o
859.6 LSL v.4
999
_c
19238
_d
19228